[Event "DEM U16 2023"]
[Site "Willingen GER"]
[Date "2023.05.28"]
[Round "2"]
[White "Lübke, Florentin"]
[Black "Lebzak, Jaroslav"]
[Result "0-1"]
[Termination "normal"]
[Board "6"]
[WhiteElo "1988"]
[BlackElo "2138"]
[WhiteClock "00:03:31"]
[BlackClock "00:26:48"]
[PlyCount "66"]
[WhiteFideId "16281799"]
[BlackFideId "44105851"]
[EventCountry "GER"]
[EventRounds "9"]
[EventType "swiss"]
[EventDate "2023.05.27"]

1. e4 {[%clk 01:30:57]} {[%emt 00:00:03]} c5 {[%clk 01:30:54]} {[%emt
00:00:06]} 2. Nf3 {[%clk 01:31:21]} {[%emt 00:00:06]} Nc6 {[%clk 01:31:18]}
{[%emt 00:00:06]} 3. d4 {[%clk 01:31:48]} {[%emt 00:00:03]} cxd4 {[%clk
01:31:41]} {[%emt 00:00:07]} 4. Nxd4 {[%clk 01:32:12]} {[%emt 00:00:05]} Nf6
{[%clk 01:32:02]} {[%emt 00:00:08]} 5. Nc3 {[%clk 01:32:32]} {[%emt 00:00:10]}
e5 {[%clk 01:32:10]} {[%emt 00:00:22]} 6. Ndb5 {[%clk 01:32:46]} {[%emt
00:00:16]} d6 {[%clk 01:32:32]} {[%emt 00:00:08]} 7. Bg5 {[%clk 01:33:03]}
{[%emt 00:00:13]} a6 {[%clk 01:32:47]} {[%emt 00:00:15]} 8. Na3 {[%clk
01:33:26]} {[%emt 00:00:08]} b5 {[%clk 01:33:09]} {[%emt 00:00:07]} 9. Nd5
{[%clk 01:33:39]} {[%emt 00:00:17]} Be7 {[%clk 01:32:49]} {[%emt 00:00:50]} 10.
Bxf6 {[%clk 01:33:59]} {[%emt 00:00:10]} Bxf6 {[%clk 01:33:13]} {[%emt
00:00:06]} 11. c3 {[%clk 01:34:20]} {[%emt 00:00:10]} Bg5 {[%clk 01:32:47]}
{[%emt 00:00:55]} 12. Nc2 {[%clk 01:34:27]} {[%emt 00:00:23]} Rb8 {[%clk
01:33:04]} {[%emt 00:00:13]} 13. a4 {[%clk 01:34:35]} {[%emt 00:00:22]} bxa4
{[%clk 01:33:25]} {[%emt 00:00:10]} 14. Ncb4 {[%clk 01:34:49]} {[%emt
00:00:16]} Nxb4 {[%clk 01:33:40]} {[%emt 00:00:14]} 15. cxb4 {[%clk 01:34:25]}
{[%emt 00:00:55]} O-O {[%clk 01:33:31]} {[%emt 00:00:39]} 16. Rxa4 {[%clk
01:32:00]} {[%emt 00:02:54]} a5 {[%clk 01:33:23]} {[%emt 00:00:38]} 17. b5
{[%clk 01:30:51]} {[%emt 00:01:40]} Bd7 {[%clk 01:33:42]} {[%emt 00:00:10]} 18.
Nc3 {[%clk 01:30:31]} {[%emt 00:00:51]} d5 {[%clk 01:31:56]} {[%emt 00:02:15]}
19. exd5 {[%clk 01:19:38]} {[%emt 00:11:24]} e4 {[%clk 01:28:31]} {[%emt
00:03:55]} 20. Bc4 {[%clk 00:46:45]} {[%emt 00:33:22]} e3 {[%clk 01:17:19]}
{[%emt 00:11:44]} 21. O-O {[%clk 00:46:32]} {[%emt 00:00:41]} exf2+ {[%clk
01:03:40]} {[%emt 00:14:11]} 22. Kh1 {[%clk 00:46:53]} {[%emt 00:00:08]} Be3
{[%clk 01:03:33]} {[%emt 00:00:36]} 23. Qf3 {[%clk 00:41:30]} {[%emt 00:05:53]}
Bb6 {[%clk 00:47:54]} {[%emt 00:16:10]} 24. Ne4 {[%clk 00:32:21]} {[%emt
00:09:38]} f5 {[%clk 00:41:11]} {[%emt 00:07:14]} 25. Nc3 {[%clk 00:27:07]}
{[%emt 00:05:45]} Kh8 {[%clk 00:39:02]} {[%emt 00:02:38]} 26. Raa1 {[%clk
00:20:58]} {[%emt 00:06:38]} Re8 {[%clk 00:38:05]} {[%emt 00:01:27]} 27. Na4
{[%clk 00:20:19]} {[%emt 00:01:08]} Bd4 {[%clk 00:36:25]} {[%emt 00:02:10]} 28.
Rad1 {[%clk 00:19:26]} {[%emt 00:01:23]} Qf6 {[%clk 00:33:00]} {[%emt
00:03:55]} 29. Qd3 {[%clk 00:17:10]} {[%emt 00:02:46]} Be3 {[%clk 00:30:37]}
{[%emt 00:02:53]} 30. Nc3 {[%clk 00:17:09]} {[%emt 00:00:31]} f4 {[%clk
00:29:08]} {[%emt 00:02:00]} 31. d6 {[%clk 00:14:59]} {[%emt 00:02:39]} Re5
{[%clk 00:27:37]} {[%emt 00:02:02]} 32. Rd2 {[%clk 00:12:09]} {[%emt 00:03:20]}
Qh4 {[%emt 00:01:14]} 33. Rdxf2 {[%clk 00:03:31]} {[%emt 00:09:06]} Bxf2 {[%clk
00:26:48]} {[%emt 00:00:36]} 0-1

[Event "DEM U16 2023"]
[Site "Willingen GER"]
[Date "2023.05.28"]
[Round "2"]
[White "Petrovskiy, Vadim"]
[Black "Bier, Bela"]
[Result "1-0"]
[Termination "normal"]
[Board "7"]
[WhiteTitle "IM"]
[WhiteElo "2417"]
[BlackElo "1987"]
[WhiteClock "01:08:47"]
[BlackClock "01:00:40"]
[PlyCount "47"]
[WhiteFideId "14165210"]
[BlackFideId "34610960"]
[EventCountry "GER"]
[EventRounds "9"]
[EventType "swiss"]
[EventDate "2023.05.27"]

1. e4 {[%clk 01:30:59]} {[%emt 00:31:39]} c5 {[%clk 01:30:50]} {[%emt
00:00:10]} 2. Nf3 {[%clk 01:31:24]} {[%emt 00:00:05]} d6 {[%clk 01:31:14]}
{[%emt 00:00:05]} 3. d4 {[%clk 01:31:50]} {[%emt 00:00:04]} cxd4 {[%clk
01:31:30]} {[%emt 00:00:15]} 4. Nxd4 {[%clk 01:32:18]} {[%emt 00:00:03]} Nf6
{[%clk 01:31:47]} {[%emt 00:00:12]} 5. Nc3 {[%clk 01:32:44]} {[%emt 00:00:04]}
a6 {[%clk 01:32:12]} {[%emt 00:00:06]} 6. Be2 {[%clk 01:33:10]} {[%emt
00:00:03]} e5 {[%clk 01:32:08]} {[%emt 00:00:34]} 7. Nb3 {[%clk 01:33:36]}
{[%emt 00:00:04]} Be7 {[%clk 01:32:19]} {[%emt 00:00:21]} 8. O-O {[%clk
01:33:56]} {[%emt 00:00:09]} Be6 {[%clk 01:31:53]} {[%emt 00:00:55]} 9. Re1
{[%clk 01:34:17]} {[%emt 00:00:10]} O-O {[%clk 01:31:12]} {[%emt 00:01:11]} 10.
Bf3 {[%clk 01:34:44]} {[%emt 00:00:04]} Nbd7 {[%clk 01:30:19]} {[%emt
00:01:22]} 11. a4 {[%clk 01:35:03]} {[%emt 00:00:12]} b6 {[%clk 01:27:37]}
{[%emt 00:03:12]} 12. Nd2 {[%clk 01:34:59]} {[%emt 00:00:34]} Qc7 {[%clk
01:26:34]} {[%emt 00:01:33]} 13. Nf1 {[%clk 01:35:17]} {[%emt 00:00:12]} Rfc8
{[%clk 01:23:24]} {[%emt 00:03:40]} 14. Bg5 {[%clk 01:28:30]} {[%emt 00:07:18]}
Bf8 {[%clk 01:22:10]} {[%emt 00:01:45]} 15. Ne3 {[%clk 01:27:56]} {[%emt
00:01:03]} g6 {[%clk 01:22:00]} {[%emt 00:00:40]} 16. Bg4 {[%clk 01:26:47]}
{[%emt 00:01:39]} Qb7 {[%clk 01:17:59]} {[%emt 00:04:30]} 17. Bxe6 {[%clk
01:24:42]} {[%emt 00:02:35]} fxe6 {[%clk 01:18:21]} {[%emt 00:00:08]} 18. Ng4
{[%clk 01:25:07]} {[%emt 00:00:05]} Rxc3 {[%clk 01:09:48]} {[%emt 00:09:03]}
19. bxc3 {[%clk 01:15:04]} {[%emt 00:10:32]} Nxe4 {[%clk 01:08:07]} {[%emt
00:02:12]} 20. Bh6 {[%clk 01:09:54]} {[%emt 00:05:40]} Be7 {[%clk 01:06:01]}
{[%emt 00:02:35]} 21. Qf3 {[%clk 01:08:11]} {[%emt 00:02:14]} d5 {[%clk
01:03:46]} {[%emt 00:02:45]} 22. c4 {[%clk 01:08:15]} {[%emt 00:00:27]} Nd2
{[%clk 01:01:43]} {[%emt 00:02:32]} 23. Bxd2 {[%clk 01:08:41]} {[%emt
00:00:05]} Rf8 {[%clk 01:00:40]} {[%emt 00:01:32]} 24. Qh3 {[%clk 01:08:47]}
{[%emt 00:00:24]} 1-0

[Event "DEM U16 2023"]
[Site "Willingen GER"]
[Date "2023.05.28"]
[Round "2"]
[White "Ohler, Julius"]
[Black "Prieb, Robert"]
[Result "1/2-1/2"]
[Termination "normal"]
[Board "8"]
[BlackTitle "CM"]
[WhiteElo "2220"]
[BlackElo "2113"]
[WhiteClock "00:09:30"]
[BlackClock "00:07:38"]
[PlyCount "94"]
[WhiteFideId "16238982"]
[BlackFideId "16212002"]
[EventCountry "GER"]
[EventRounds "9"]
[EventType "swiss"]
[EventDate "2023.05.27"]

1. d4 {[%clk 01:30:58]} {[%emt 00:00:02]} e6 {[%clk 01:30:51]} {[%emt
00:00:10]} 2. c4 {[%clk 01:30:56]} {[%emt 00:00:31]} d5 {[%clk 01:31:08]}
{[%emt 00:00:14]} 3. Nc3 {[%clk 01:31:13]} {[%emt 00:00:12]} c5 {[%clk
01:31:24]} {[%emt 00:00:14]} 4. cxd5 {[%clk 01:31:27]} {[%emt 00:00:15]} cxd4
{[%clk 01:31:39]} {[%emt 00:00:15]} 5. Qxd4 {[%clk 01:30:11]} {[%emt 00:01:47]}
Nc6 {[%clk 01:31:45]} {[%emt 00:00:23]} 6. Qa4 {[%clk 01:26:30]} {[%emt
00:04:12]} exd5 {[%clk 01:31:48]} {[%emt 00:00:26]} 7. e3 {[%clk 01:24:56]}
{[%emt 00:02:06]} Nf6 {[%clk 01:31:09]} {[%emt 00:01:08]} 8. Nf3 {[%clk
01:24:05]} {[%emt 00:01:21]} Bd7 {[%clk 01:28:04]} {[%emt 00:03:34]} 9. Be2
{[%clk 01:21:53]} {[%emt 00:02:42]} Bc5 {[%clk 01:25:58]} {[%emt 00:02:36]} 10.
Qb3 {[%clk 01:12:42]} {[%emt 00:09:42]} Na5 {[%clk 01:20:32]} {[%emt 00:05:55]}
11. Qd1 {[%clk 01:12:22]} {[%emt 00:00:49]} Bb4 {[%clk 01:18:10]} {[%emt
00:02:52]} 12. Bd2 {[%clk 01:11:16]} {[%emt 00:01:37]} O-O {[%clk 01:15:26]}
{[%emt 00:03:14]} 13. O-O {[%clk 01:07:47]} {[%emt 00:03:59]} Rc8 {[%clk
01:13:14]} {[%emt 00:02:41]} 14. Rc1 {[%clk 00:57:24]} {[%emt 00:10:53]} Be6
{[%clk 01:07:02]} {[%emt 00:06:43]} 15. Qa4 {[%clk 00:49:02]} {[%emt 00:08:51]}
Qb6 {[%clk 01:01:47]} {[%emt 00:05:45]} 16. a3 {[%clk 00:45:24]} {[%emt
00:04:09]} Bxc3 {[%clk 01:00:38]} {[%emt 00:01:38]} 17. Bxc3 {[%clk 00:45:49]}
{[%emt 00:00:06]} Nb3 {[%clk 01:00:22]} {[%emt 00:00:46]} 18. Rcd1 {[%clk
00:37:05]} {[%emt 00:09:12]} Ne4 {[%clk 00:59:27]} {[%emt 00:01:25]} 19. Bb4
{[%clk 00:29:25]} {[%emt 00:08:10]} Nec5 {[%clk 00:57:01]} {[%emt 00:02:55]}
20. Bxc5 {[%clk 00:28:05]} {[%emt 00:01:51]} Rxc5 {[%clk 00:55:52]} {[%emt
00:01:38]} 21. Bd3 {[%clk 00:27:26]} {[%emt 00:01:10]} Rfc8 {[%clk 00:53:47]}
{[%emt 00:02:34]} 22. Nd4 {[%clk 00:21:11]} {[%emt 00:06:45]} Nxd4 {[%clk
00:45:24]} {[%emt 00:08:54]} 23. Qxd4 {[%clk 00:21:37]} {[%emt 00:00:04]} R5c6
{[%clk 00:45:35]} {[%emt 00:00:18]} 24. Qxb6 {[%clk 00:20:02]} {[%emt
00:02:06]} Rxb6 {[%clk 00:45:10]} {[%emt 00:00:56]} 25. Rd2 {[%clk 00:20:28]}
{[%emt 00:00:04]} Rbc6 {[%clk 00:42:49]} {[%emt 00:02:50]} 26. Bb1 {[%clk
00:19:09]} {[%emt 00:01:48]} Rc1 {[%clk 00:41:59]} {[%emt 00:01:19]} 27. Bd3
{[%clk 00:17:04]} {[%emt 00:02:36]} Kf8 {[%clk 00:40:51]} {[%emt 00:01:38]} 28.
h3 {[%clk 00:15:51]} {[%emt 00:01:43]} Ke7 {[%clk 00:39:39]} {[%emt 00:01:42]}
29. Rfd1 {[%clk 00:16:11]} {[%emt 00:00:11]} Kd6 {[%clk 00:36:16]} {[%emt
00:03:52]} 30. Kf1 {[%clk 00:16:29]} {[%emt 00:00:11]} g6 {[%clk 00:34:30]}
{[%emt 00:02:18]} 31. Ke2 {[%clk 00:16:30]} {[%emt 00:00:29]} Bd7 {[%clk
00:28:25]} {[%emt 00:06:34]} 32. Bb1 {[%clk 00:10:29]} {[%emt 00:06:32]} Bb5+
{[%clk 00:26:55]} {[%emt 00:01:59]} 33. Kf3 {[%clk 00:10:07]} {[%emt 00:00:52]}
Ba4 {[%clk 00:23:51]} {[%emt 00:03:35]} 34. Rxc1 {[%clk 00:10:32]} {[%emt
00:00:04]} Rxc1 {[%clk 00:24:12]} {[%emt 00:00:09]} 35. Ba2 {[%clk 00:09:53]}
{[%emt 00:01:09]} Rd1 {[%clk 00:22:35]} {[%emt 00:02:07]} 36. Ke2 {[%clk
00:07:11]} {[%emt 00:03:13]} Rxd2+ {[%clk 00:22:29]} {[%emt 00:00:36]} 37. Kxd2
{[%clk 00:07:33]} {[%emt 00:00:08]} Bb5 {[%clk 00:21:31]} {[%emt 00:01:27]} 38.
h4 {[%clk 00:07:50]} {[%emt 00:00:12]} Bf1 {[%clk 00:20:07]} {[%emt 00:01:55]}
39. g3 {[%clk 00:08:17]} {[%emt 00:00:04]} Ke5 {[%clk 00:20:16]} {[%emt
00:00:20]} 40. Bb1 {[%clk 00:08:34]} {[%emt 00:00:14]} a5 {[%clk 00:12:21]}
{[%emt 00:08:25]} 41. Kc3 {[%clk 00:07:50]} {[%emt 00:01:14]} b5 {[%clk
00:10:17]} {[%emt 00:02:34]} 42. f4+ {[%clk 00:08:12]} {[%emt 00:00:08]} Kd6
{[%clk 00:10:38]} {[%emt 00:00:10]} 43. Kd4 {[%clk 00:08:32]} {[%emt 00:00:09]}
f5 {[%clk 00:07:13]} {[%emt 00:03:54]} 44. b4 {[%clk 00:08:37]} {[%emt
00:00:25]} axb4 {[%clk 00:06:46]} {[%emt 00:00:58]} 45. axb4 {[%clk 00:09:02]}
{[%emt 00:00:04]} h5 {[%clk 00:06:54]} {[%emt 00:00:22]} 46. Bd3 {[%clk
00:09:04]} {[%emt 00:00:29]} Bxd3 {[%clk 00:07:15]} {[%emt 00:00:07]} 47. Kxd3
{[%clk 00:09:30]} {[%emt 00:00:05]} Kd7 {[%clk 00:07:38]} {[%emt 00:00:06]}
1/2-1/2

[Event "DEM U16 2023"]
[Site "Willingen GER"]
[Date "2023.05.28"]
[Round "2"]
[White "Metzdorf, Matteo"]
[Black "Hecht, Jonas Christian"]
[Result "1/2-1/2"]
[Termination "normal"]
[Board "9"]
[WhiteElo "2099"]
[BlackElo "1949"]
[WhiteClock "00:01:01"]
[BlackClock "00:51:53"]
[PlyCount "111"]
[WhiteFideId "16209869"]
[BlackFideId "16214846"]
[EventCountry "GER"]
[EventRounds "9"]
[EventType "swiss"]
[EventDate "2023.05.27"]

1. e4 {[%clk 01:30:54]} {[%emt 00:00:06]} c5 {[%clk 01:30:57]} {[%emt
00:00:04]} 2. Nf3 {[%clk 01:31:09]} {[%emt 00:00:14]} e6 {[%clk 01:31:18]}
{[%emt 00:00:09]} 3. d4 {[%clk 01:31:25]} {[%emt 00:00:15]} cxd4 {[%clk
01:31:44]} {[%emt 00:00:04]} 4. Nxd4 {[%clk 01:31:45]} {[%emt 00:00:09]} Nc6
{[%clk 01:32:07]} {[%emt 00:00:08]} 5. Nc3 {[%clk 01:31:15]} {[%emt 00:00:59]}
Qc7 {[%clk 01:32:18]} {[%emt 00:00:19]} 6. Be3 {[%clk 01:31:14]} {[%emt
00:00:32]} a6 {[%clk 01:32:41]} {[%emt 00:00:07]} 7. Qd2 {[%clk 01:30:52]}
{[%emt 00:00:51]} b5 {[%clk 01:32:15]} {[%emt 00:00:57]} 8. O-O-O {[%clk
01:25:31]} {[%emt 00:05:50]} Nf6 {[%clk 01:32:12]} {[%emt 00:00:32]} 9. f3
{[%clk 01:23:59]} {[%emt 00:02:02]} Be7 {[%clk 01:28:51]} {[%emt 00:03:51]} 10.
g4 {[%clk 01:19:28]} {[%emt 00:05:00]} Bb7 {[%clk 01:28:38]} {[%emt 00:00:44]}
11. Be2 {[%clk 01:00:58]} {[%emt 00:18:59]} Rc8 {[%clk 01:22:55]} {[%emt
00:06:13]} 12. Nb3 {[%clk 00:46:43]} {[%emt 00:14:46]} Ne5 {[%clk 01:07:49]}
{[%emt 00:15:37]} 13. g5 {[%clk 00:39:48]} {[%emt 00:07:24]} b4 {[%clk
01:03:13]} {[%emt 00:05:06]} 14. gxf6 {[%clk 00:21:43]} {[%emt 00:18:34]} bxc3
{[%clk 01:03:22]} {[%emt 00:00:22]} 15. Qxc3 {[%clk 00:20:53]} {[%emt
00:01:20]} Qxc3 {[%clk 01:02:31]} {[%emt 00:01:20]} 16. bxc3 {[%clk 00:21:18]}
{[%emt 00:00:05]} gxf6 {[%clk 01:01:45]} {[%emt 00:01:16]} 17. Bd4 {[%clk
00:13:36]} {[%emt 00:08:11]} Ba3+ {[%clk 00:56:29]} {[%emt 00:05:46]} 18. Kd2
{[%clk 00:11:21]} {[%emt 00:02:46]} Ke7 {[%clk 00:55:45]} {[%emt 00:01:14]} 19.
Na5 {[%clk 00:10:47]} {[%emt 00:01:04]} Bc6 {[%clk 00:54:09]} {[%emt 00:02:04]}
20. f4 {[%clk 00:04:39]} {[%emt 00:06:40]} Ng6 {[%clk 00:53:33]} {[%emt
00:01:05]} 21. Nc4 {[%clk 00:05:03]} {[%emt 00:00:06]} e5 {[%clk 00:49:03]}
{[%emt 00:05:01]} 22. fxe5 {[%clk 00:03:15]} {[%emt 00:02:17]} fxe5 {[%clk
00:49:32]} 23. Be3 {[%clk 00:02:49]} {[%emt 00:00:56]} Bd6 {[%clk 00:49:21]}
{[%emt 00:00:42]} 24. Bg5+ {[%clk 00:03:16]} {[%emt 00:00:04]} f6 {[%clk
00:49:31]} {[%emt 00:00:21]} 25. Bxf6+ {[%clk 00:03:01]} {[%emt 00:00:45]} Kxf6
{[%clk 00:49:56]} {[%emt 00:00:04]} 26. Nxd6 {[%clk 00:03:27]} {[%emt
00:00:03]} Ra8 {[%clk 00:48:57]} {[%emt 00:01:29]} 27. Ke3 {[%clk 00:03:16]}
{[%emt 00:00:42]} Nf4 {[%clk 00:48:16]} {[%emt 00:01:12]} 28. Bf3 {[%clk
00:03:05]} {[%emt 00:00:40]} Rhg8 {[%clk 00:48:27]} {[%emt 00:00:19]} 29. c4
{[%clk 00:01:41]} {[%emt 00:01:54]} Rab8 {[%clk 00:48:00]} {[%emt 00:00:57]}
30. Rb1 {[%clk 00:01:03]} {[%emt 00:01:08]} Ng2+ {[%clk 00:46:21]} {[%emt
00:02:09]} 31. Kf2 {[%clk 00:00:53]} {[%emt 00:00:40]} Nh4 {[%clk 00:46:38]}
{[%emt 00:00:12]} 32. c5 {[%clk 00:00:40]} {[%emt 00:00:44]} Ke6 {[%clk
00:46:11]} {[%emt 00:00:56]} 33. Be2 {[%clk 00:00:35]} {[%emt 00:00:37]} Rg2+
{[%clk 00:45:00]} {[%emt 00:01:40]} 34. Ke3 {[%clk 00:01:04]} {[%emt 00:00:01]}
Rxb1 {[%clk 00:44:44]} {[%emt 00:00:47]} 35. Rxb1 {[%clk 00:01:29]} {[%emt
00:00:06]} Rxh2 {[%clk 00:44:21]} {[%emt 00:00:52]} 36. Bc4+ {[%clk 00:00:41]}
{[%emt 00:01:17]} Kf6 {[%clk 00:43:10]} {[%emt 00:01:41]} 37. Rf1+ {[%clk
00:00:50]} {[%emt 00:00:21]} Kg6 {[%clk 00:43:17]} {[%emt 00:00:23]} 38. Rg1+
{[%clk 00:00:39]} {[%emt 00:00:41]} Rg2 {[%clk 00:41:13]} {[%emt 00:02:34]} 39.
Rxg2+ {[%clk 00:00:42]} {[%emt 00:00:27]} Nxg2+ {[%clk 00:41:38]} {[%emt
00:00:05]} 40. Kf2 {[%clk 00:00:35]} {[%emt 00:00:37]} Nf4 {[%clk 00:42:01]}
{[%emt 00:00:07]} 41. Bxa6 {[%clk 00:28:33]} {[%emt 00:02:32]} Ne6 {[%clk
01:09:32]} {[%emt 00:02:58]} 42. Bb5 {[%clk 00:20:21]} {[%emt 00:08:41]} Bxb5
{[%clk 01:05:16]} {[%emt 00:04:47]} 43. Nxb5 {[%clk 00:20:28]} {[%emt
00:00:22]} Nxc5 {[%clk 01:05:42]} {[%emt 00:00:05]} 44. Nc3 {[%clk 00:18:10]}
{[%emt 00:02:48]} Kg5 {[%clk 01:01:49]} {[%emt 00:04:23]} 45. Kf3 {[%clk
00:17:33]} {[%emt 00:01:06]} h5 {[%clk 01:00:16]} {[%emt 00:02:03]} 46. a4
{[%clk 00:16:14]} {[%emt 00:01:50]} h4 {[%clk 00:52:40]} {[%emt 00:08:05]} 47.
a5 {[%clk 00:14:12]} {[%emt 00:02:33]} h3 {[%clk 00:52:42]} {[%emt 00:00:28]}
48. Kg3 {[%clk 00:07:43]} {[%emt 00:06:59]} h2 {[%clk 00:52:45]} {[%emt
00:00:27]} 49. Kxh2 {[%clk 00:08:07]} {[%emt 00:00:05]} Kf4 {[%clk 00:53:09]}
{[%emt 00:00:07]} 50. Kg2 {[%clk 00:04:09]} {[%emt 00:04:28]} Ke3 {[%clk
00:51:37]} {[%emt 00:02:03]} 51. Kf1 {[%clk 00:03:01]} {[%emt 00:01:38]} Kd2
{[%clk 00:50:50]} {[%emt 00:01:18]} 52. Nd5 {[%clk 00:02:46]} {[%emt 00:00:44]}
Kxc2 {[%clk 00:51:06]} {[%emt 00:00:14]} 53. Nb4+ {[%clk 00:00:33]} {[%emt
00:02:42]} Kc3 {[%clk 00:51:05]} {[%emt 00:00:31]} 54. a6 {[%clk 00:00:37]}
{[%emt 00:00:26]} Nxa6 {[%clk 00:51:31]} {[%emt 00:00:04]} 55. Nxa6 {[%clk
00:00:57]} {[%emt 00:00:10]} Kd4 {[%clk 00:51:53]} {[%emt 00:00:07]} 56. Ke2
{[%clk 00:01:01]} {[%emt 00:00:27]} 1/2-1/2

[Event "DEM U16 2023"]
[Site "Willingen GER"]
[Date "2023.05.28"]
[Round "2"]
[White "Maul, Maik"]
[Black "Foerster-Yialamas, Lucas"]
[Result "0-1"]
[Termination "normal"]
[Board "10"]
[BlackTitle "CM"]
[WhiteElo "1803"]
[BlackElo "2151"]
[WhiteClock "00:24:29"]
[BlackClock "00:47:34"]
[PlyCount "46"]
[WhiteFideId "16204816"]
[BlackFideId "30901774"]
[EventCountry "GER"]
[EventRounds "9"]
[EventType "swiss"]
[EventDate "2023.05.27"]

1. d4 {[%clk 01:30:58]} {[%emt 00:00:02]} Nf6 {[%clk 01:30:57]} {[%emt
00:00:04]} 2. Nc3 {[%clk 01:31:23]} {[%emt 00:00:05]} d5 {[%clk 01:31:24]}
{[%emt 00:00:03]} 3. Bf4 {[%clk 01:31:44]} {[%emt 00:00:09]} e6 {[%clk
01:31:53]} {[%emt 00:00:01]} 4. e3 {[%clk 01:31:37]} {[%emt 00:00:38]} Bb4
{[%clk 01:32:22]} {[%emt 00:00:02]} 5. Bd3 {[%clk 01:31:22]} {[%emt 00:00:43]}
c5 {[%clk 01:32:51]} {[%emt 00:00:02]} 6. dxc5 {[%clk 01:31:45]} {[%emt
00:00:07]} Nbd7 {[%clk 01:33:20]} 7. Nf3 {[%clk 01:31:58]} {[%emt 00:00:17]}
Nxc5 {[%clk 01:33:32]} {[%emt 00:00:18]} 8. O-O {[%clk 01:32:09]} {[%emt
00:00:19]} O-O {[%clk 01:33:03]} {[%emt 00:00:58]} 9. Nb5 {[%clk 01:28:53]}
{[%emt 00:03:47]} Nxd3 {[%clk 01:30:18]} {[%emt 00:03:15]} 10. cxd3 {[%clk
01:24:42]} {[%emt 00:04:41]} Bd7 {[%clk 01:29:34]} {[%emt 00:01:14]} 11. Nc3
{[%clk 01:23:38]} {[%emt 00:01:35]} Bxc3 {[%clk 01:10:57]} {[%emt 00:19:06]}
12. bxc3 {[%clk 01:24:02]} {[%emt 00:00:05]} Bb5 {[%clk 01:11:12]} {[%emt
00:00:15]} 13. Ne5 {[%clk 01:19:37]} {[%emt 00:04:55]} Nd7 {[%clk 01:05:41]}
{[%emt 00:06:02]} 14. Qg4 {[%clk 01:06:26]} {[%emt 00:13:41]} Kh8 {[%clk
01:00:22]} {[%emt 00:05:49]} 15. c4 {[%clk 01:02:12]} {[%emt 00:04:45]} Ba6
{[%clk 00:59:35]} {[%emt 00:01:18]} 16. Nxf7+ {[%clk 00:35:37]} {[%emt
00:27:05]} Rxf7 {[%clk 00:59:57]} {[%emt 00:00:07]} 17. Qxe6 {[%clk 00:36:03]}
{[%emt 00:00:04]} Re7 {[%clk 00:56:07]} {[%emt 00:04:21]} 18. Qxd5 {[%clk
00:36:28]} {[%emt 00:00:05]} Nf6 {[%clk 00:56:28]} {[%emt 00:00:08]} 19. Qf5
{[%clk 00:34:04]} {[%emt 00:02:55]} Rd7 {[%clk 00:54:35]} {[%emt 00:02:23]} 20.
d4 {[%clk 00:26:31]} {[%emt 00:08:03]} Bxc4 {[%clk 00:54:48]} {[%emt 00:00:17]}
21. Rfc1 {[%clk 00:26:58]} {[%emt 00:00:03]} Rc8 {[%clk 00:49:50]} {[%emt
00:05:28]} 22. Bg5 {[%clk 00:25:32]} {[%emt 00:01:57]} Rd5 {[%clk 00:47:48]}
{[%emt 00:02:32]} 23. Qf4 {[%clk 00:24:29]} {[%emt 00:01:32]} Nh5 {[%clk
00:47:34]} {[%emt 00:00:45]} 0-1